Movies Quiz

Random Movies or Disney Quiz

Disney Couples' Therapy Quiz Stats

 Plays Quiz Updated Mar 18, 2019

Score 0/14 Timer 04:00
1 Play Today
Issue Couple % Correct
She is concerned about his emotional trauma from attempting to kill his uncle to avenge his father's death.Simba and Nala
81.9%
He keeps her up at night because, even though the curse has ended and he is no longer furry, he coughs up hairballs in his sleep.Belle and Beast
80.1%
She is homesick because she can't hold her breath long enough to visit her dad at home.Ariel and Eric
76.3%
He thinks she is clumsy and irresponsible, having already lost a very expensive shoe before they were even married.Cinderella and Charming
71.7%
He has jealousy issues concerning her seven little friends.Snow White and Prince
69.4%
After taking a leap of faith to join her lover in an uncharted rainforest, her father tagged along and is driving them crazy.Tarzan and Jane
67.7%
She feels she doesn't know him well enough because she was urged to marry him shortly after waking from years of sleep.Aurora and Philip
59%
Issue Couple % Correct
He thinks she's a bit of a snob, and she says he spends too much time with his friends (especially the big blue one).Aladdin and Jasmine
58.2%
She wants him to just grow up already; he may or may not be involved with a (tiny) woman on the side.Peter Pan and Wendy
56.1%
They are having issues maintaining a long distance relationship across the Atlantic, especially since phones don't exist.Pocahontas and John Smith
42.4%
She is experiencing repressed anger at him for that power-destroying glass shard haircut.Rapunzel and Flynn
38%
She doesn't feel attractive any more after having birthed more than a dozen offspring and adopting over seven dozen more.Pongo and Perdita
37.5%
She is having nightmares about the time she was nearly burned at the stake; his arms still ache from catching a falling man from a church.Esmeralda and Phoebus
22.4%
Their young twins are unable to detect danger, namely wildfires, like their papa can.Bambi and Faline
12.4%

You're not logged in!

Compare scores with friends on all Sporcle quizzes.
OR
Log In

Show Comments

Extras

Top Quizzes Today


Score Distribution

Your Account Isn't Verified!

In order to create a playlist on Sporcle, you need to verify the email address you used during registration. Go to your Sporcle Settings to finish the process.

Report this User

Report this user for behavior that violates our Community Guidelines.

Details: